LEADER 02884nam 2200685Ia 450 001 9910454460703321 005 20200520144314.0 010 $a1-281-80031-7 010 $a9786611800314 010 $a0-309-11920-0 035 $a(CKB)1000000000705266 035 $a(EBL)3378396 035 $a(SSID)ssj0000166595 035 $a(PQKBManifestationID)11155380 035 $a(PQKBTitleCode)TC0000166595 035 $a(PQKBWorkID)10161518 035 $a(PQKB)10134373 035 $a(MiAaPQ)EBC3378396 035 $a(Au-PeEL)EBL3378396 035 $a(CaPaEBR)ebr10255022 035 $a(CaONFJC)MIL180031 035 $a(OCoLC)923279277 035 $a(EXLCZ)991000000000705266 100 $a20080814d2008 uy 0 101 0 $aeng 135 $aur|n|---||||| 181 $ctxt 182 $cc 183 $acr 200 00$aGulf War and health$b[electronic resource] $eupdated literature review of depleted uranium /$fCommittee on Gulf War and Health: Updated Literature Review of Depleted Uranium, Board of Population Health and Public Health Practice, Institute of Medicine of the National Academies 210 $aWashington, D.C. $cNational Academies Press$dc2008 215 $a1 online resource (285 p.) 300 $aStand-alone book; not a part of the Gulf War and health series according to Dir. of Publishing Services, National Academies Press. 311 $a0-309-11919-7 320 $aIncludes bibliographical references and index. 327 $a""Reviewers""; ""Contents""; ""Summary""; ""1 Introduction""; ""2 Background""; ""3 Toxicology""; ""4 Methodology""; ""5 Exposure Assessment""; ""6 Clinical End Points of Interest""; ""7 Cohort Descriptions""; ""8 Conclusions""; ""Index"" 606 $aDepleted uranium$xEnvironmental aspects$zUnited States 606 $aDepleted uranium$xHealth aspects$zUnited States 606 $aPersian Gulf syndrome$zUnited States 606 $aPersian Gulf War, 1991$xHealth aspects$zUnited States 606 $aPersian Gulf War, 1991$xVeterans$xDiseases$zUnited States 606 $aPost-traumatic stress disorder$zUnited States 606 $aUranium enrichment$xBy-products 608 $aElectronic books. 615 0$aDepleted uranium$xEnvironmental aspects 615 0$aDepleted uranium$xHealth aspects 615 0$aPersian Gulf syndrome 615 0$aPersian Gulf War, 1991$xHealth aspects 615 0$aPersian Gulf War, 1991$xVeterans$xDiseases 615 0$aPost-traumatic stress disorder 615 0$aUranium enrichment$xBy-products. 676 $a956.7044 712 02$aInstitute of Medicine (U.S.).$bCommittee on Gulf War and Health: Updated Literature Review of Depleted Uranium. 801 0$bMiAaPQ 801 1$bMiAaPQ 801 2$bMiAaPQ 906 $aBOOK 912 $a9910454460703321 996 $aGulf War and health$91971183 997 $aUNINA LEADER 01525nam 2200481 450 001 9910809996603321 005 20230802011744.0 010 $a1-78166-899-X 035 $a(CKB)2550000001216885 035 $a(StDuBDS)AH24101045 035 $a(SSID)ssj0001508674 035 $a(PQKBManifestationID)11850529 035 $a(PQKBTitleCode)TC0001508674 035 $a(PQKBWorkID)11513691 035 $a(PQKB)10623029 035 $a(MiAaPQ)EBC4460775 035 $a(Au-PeEL)EBL4460775 035 $a(CaPaEBR)ebr11260872 035 $a(OCoLC)948781345 035 $a(EXLCZ)992550000001216885 100 $a20160928h20122012 uy| 0 101 0 $aeng 135 $aur||||||||||| 181 $ctxt 182 $cc 183 $acr 200 14$aThe opium habit $ewith suggestions as to the remedy /$fHorace B. Day 210 1$a[Luton, Bedfordshire] :$cAndrews UK Limited,$d[2012] 210 4$dİ2012 215 $a1 online resource (308 p.) 300 $aBibliographic Level Mode of Issuance: Monograph 330 $bOne of the earliest books to tackle the problems of opium addiction, which had become widespread in the wake of the American Civil War, and to suggest some solutions. 606 $aOpium abuse$zUnited States 615 0$aOpium abuse 676 $a616.863 700 $aDay$b Horace B.$f1819-1870,$01684698 801 0$bMiAaPQ 801 1$bMiAaPQ 801 2$bMiAaPQ 906 $aBOOK 912 $a9910809996603321 996 $aThe opium habit$94056320 997 $aUNINA